000 00679nam a2200253Ia 4500
003 OSt
005 20220918191354.0
006 a|||||r|||| 00| 0
007 ta
008 220917b |||||||| |||| 00| 0 eng d
024 _a62,859
037 _cTextual
040 _aARTS
_cARTS
_beng
041 _2eng
_aeng
082 _aQ41:231, 433G0;1 (Q4)
100 _aVajiranana ed
_975869
245 0 _aAbhidhammapitake Dhamma sangani
260 _c1930
490 _aSyamaratthassa Tepitakam
650 _aRELIGION
700 _a Khamcari ed
_975870
942 _hQ41:231, 433G0;1 (Q4)
_cTEXL
_2CC
999 _c189494
_d189494